De la dominación colonial a la fabricación de la nación: las categorías étnico-raciales en los censos e informes y sus usos políticos en Belice, siglos XIX-XX = From colonial domination to the forging of a nation: ethnic-racial categories in censuses and reports and their political uses in Belize, 19th-20th centuries /
Este texto presenta un análisis de los procesos de clasificación y categorización étnico-raciales de la población de Belice a lo largo de los siglos XIX y XX, apoyándose en los censos demográficos y en los informes de gobierno. El estudio no se interesa tanto en las cifras como tales, sino en las ca...
Guardado en:
| Hovedforfatter: | |
|---|---|
| Andre forfattere: | |
| Format: | Texto |
| Fag: | |
| Tags: |
Tilføj Tag
Ingen Tags, Vær først til at tagge denne postø!
|
MARC
| LEADER | 00000 a a2200000 04500 | ||
|---|---|---|---|
| 001 | 44272 | ||
| 003 | |||
| 040 | |||
| 100 | |a Cumin, Elizabeth | ||
| 245 | |a De la dominación colonial a la fabricación de la nación: las categorías étnico-raciales en los censos e informes y sus usos políticos en Belice, siglos XIX-XX = |b From colonial domination to the forging of a nation: ethnic-racial categories in censuses and reports and their political uses in Belize, 19th-20th centuries / |c Elizabeth Cumin, Odile Hoffmann | ||
| 520 | |a Este texto presenta un análisis de los procesos de clasificación y categorización étnico-raciales de la población de Belice a lo largo de los siglos XIX y XX, apoyándose en los censos demográficos y en los informes de gobierno. El estudio no se interesa tanto en las cifras como tales, sino en las categorías de conteo y su evolución, como indicadores de las lógicas políticas de construcción de una sociedad colonial y luego nacional. | ||
| 590 | |a SJB/NOVIEMBRE2012 | ||
| 650 | |a 1.ETNICIDAD | ||
| 650 | |a 2.CENSOS DE POBLACION | ||
| 650 | |a 3.ESTADISTICAS DEMOGRAFICAS | ||
| 650 | |a 4.NACION | ||
| 650 | |a 5.PERIODO COLONIAL | ||
| 650 | |a 6.INDEPENDENCIA | ||
| 650 | |a 7.RACIONALIZACION | ||
| 650 | |a 8.BELICE | ||
| 700 | |a Hoffmann, Odile | ||
| 773 | |g número82 ( , 2012), páginas 155-175 | ||
| 999 | |c 37476 |d 37476 | ||
